| 000 | 00946nam a22003497a 4500 | ||
|---|---|---|---|
| 001 | BR2010003553 | ||
| 003 | BR-BrBNA | ||
| 005 | 20230928103519.0 | ||
| 007 | ta | ||
| 008 | 230509b bl.||||| |||| 00| 0 por d | ||
| 040 |
_aBR-BrBNA _bpor _cBiblioteca Nacional de Agricultura |
||
| 041 | _a(Eng, Por) | ||
| 072 |
_aB50; P06; Q02 _b0230 |
||
| 090 | _ 0230 BR2010003553 | ||
| 100 | 1 | _aGiraldez, R. | |
| 100 | 1 | _aVentura, S. | |
| 110 | 1 |
_aNúcleo de Comunicação Integrada, São Paulo, SP (Brasil) _97680 |
|
| 245 | 1 | _aCana-de-acúcar: passado, presente e futuro no Brasil | |
| 250 | 1 | _a1. ed. | |
| 260 | 3 |
_aSão Pulo, SP (Brasil): _c2009. |
|
| 300 | _a297 p. | ||
| 500 | _a297 illus. | ||
| 650 | _aCANA DE AÇÚCAR | ||
| 650 | _aENERGIA RENOVÁVEL | ||
| 650 | _aETANOL | ||
| 650 | _aINDÚSTRIA | ||
| 650 | _aHISTÓRIA | ||
| 650 | _aCACHAÇA | ||
| 650 | _aAÇÚCAR | ||
| 909 |
_a202309 _bLucia _c55 _dLucia Elande |
||
| 942 | _cBK | ||
| 999 |
_c75439 _d75439 |
||